Najlepsi Portugalscy piłkarze 2024/2025 - Statystyki

Ogólne statystyki
  • Ten quiz został rozwiązany 15 razy
  • Średni wynik to 22 z 50
Statystyki odpowiedzi
KLUB PIŁKARZ % Poprawnych
Al-Nassr Cristiano Ronaldo
93%
PSG Joao Neves
86%
AC Milan Rafael Leao
86%
Al-Hilal Ruben Neves
86%
Benfica Antonio Silva
79%
Manchester City Bernardo Silva
79%
Manchester United Bruno Fernandes
79%
Porto Diogo Costa
79%
Borussia Dortmund Fabio Silva
79%
Spartak Moskwa Gedson Fernandes
79%
Al-Hilal Joao Cancelo
79%
Al-Nassr Joao Felix
79%
Besiktas Jota Silva
79%
Porto Martim Fernandes
79%
West Ham Mateus Fernandes
79%
Al-Ittihad Roger Fernandes
79%
Manchester City Ruben Dias
79%
PSG Vitinha
79%
Porto Alberto Costa
71%
PSG Nuno Mendes
71%
Mallorca Samu Costa
71%
Manchester United Diogo Dalot
57%
FC Famalicao Gustavo Sa
57%
PSG Goncalo Ramos
50%
Sporting Goncalo Inacio
36%
Wolverhampton Rodrigo Gomes
36%
Tottenham Joao Palhinha
29%
Manchester City Matheus Nunes
29%
Villarreal Renato Veiga
29%
Lille Tiago Santos
29%
Brentford Fabio Carvalho
21%
Juventus Francisco Conceicao
21%
Sporting Francisco Trincao
21%
Al-Qadsiah Otavio
21%
Sporting Pedro Goncalves
21%
Chelsea Pedro Neto
21%
Porto Rodrigo Mora
21%
Sporting Eduardo Quaresma
14%
Sporting Daniel Braganca
7%
Union Berlin Diogo Leite
7%
Hamburger Fabio Vieira
7%
Porto Francisco Moura
7%
Sporting Geovany Quenda
7%
Lazio Nuno Tavares
7%
Braga Ricardo Horta
7%
Stuttgart Tiago Tomas
7%
Chelsea Dario Essugo
0%
Burnley Florentino
0%
Benfica Tomas Araujo
0%
Wolverhampton Toti
0%
Nie znaleziono quizów pasujących do podanych kryteriów
Rozkład punktacji
Procent ludzi z każdym wynikiem
Percentyl według liczby udzielonych odpowiedzi
Twoja historia wyników
Nie rozwiązałeś tego quizu